|
|
|
|
| LEADER |
00000nab a2200000 a 4500 |
| 001 |
vtls000365912 |
| 003 |
SK-MaSNL |
| 005 |
20260304081249.0 |
| 008 |
250424c1989 xo 0 slo |
| 015 |
|
|
|a SNBRB19rr/mm-uuuuu
|
| 035 |
|
|
|a CL0366034
|
| 035 |
|
|
|a urn:nbn:sk:snk-ab6la5
|
| 035 |
|
|
|a (uuid)767db0be-e799-4714-ad03-0a318ae924a6
|
| 035 |
|
|
|a (urnnbn)urn:nbn:sk:snk:ar-005g6e
|
| 035 |
|
|
|a (sysno)vtls000365912
|
| 040 |
|
|
|a SNKBUCL
|b slo
|c SNKBUCL
|e AACR2
|
| 041 |
0 |
|
|a slo
|
| 044 |
|
|
|a xo
|c SK
|
| 080 |
|
|
|a 614.23
|2 1981
|
| 080 |
|
|
|a 378
|2 1981
|
| 100 |
1 |
|
|a Tisoňová, I.
|4 aut
|9 1251864
|
| 245 |
1 |
0 |
|a Postgraduálne vzdelávanie všeobecných lekárov v SSR
|c I. Tisoňová
|
| 300 |
|
|
|b Res. rus., nem., angl., lit. 2 zázn. v slov., češ.
|
| 650 |
0 |
7 |
|a praktickí lekári
|2 snkbucl
|9 102151
|
| 650 |
0 |
7 |
|a SSR
|2 snkbucl
|9 926679
|
| 655 |
|
7 |
|a články z novín a časopisov
|2 snkbucl
|9 267496
|
| 773 |
0 |
|
|t Lekársky obzor
|g Roč. 38, č. 10 (1989), s. 587-589
|
| 850 |
|
|
|a Slovenská národná knižnica
|
| 852 |
|
|
|a Slovenská národná knižnica
|
| 954 |
|
|
|a odborná, vedecká literatúra pôvodná (slovenská)
|2 lita
|
| 958 |
|
|
|a article2022
|
| 958 |
|
|
|a OND
|
| 958 |
|
|
|a NB
|
| 958 |
|
|
|a RK
|
| 958 |
|
|
|a MI
|
| 958 |
|
|
|a EUIPO
|
| 992 |
|
|
|a RBX
|
| 999 |
|
|
|c 2790121
|d 2792051
|